00000000nam 2200000zi 4500
0019.900371
003CaOODSP
00520221107175401
006m     o  d f      
007cr |n|||||||||
008210602t19831983onc     o    f001 0|eng d
020 |z0660113643
040 |aCaOODSP|beng|erda|cCaOODSP
043 |an-cn---
0861 |aRG52-18/1983E-PDF|zRG52-18/1983E
24500|aHow to avoid misleading advertising : |bguidelines.
264 1|a[Ottawa] : |bConsumer and Corporate Affairs Canada = Consommation et Corporations Canada, |c[1983]
264 4|c©1983
300 |a1 online resource (80 unnumbered pages)
336 |atext|btxt|2rdacontent
337 |acomputer|bc|2rdamedia
338 |aonline resource|bcr|2rdacarrier
500 |aDigitized edition from print [produced by Innovation, Science and Economic Development Canada].
500 |aIssued also in French under title: Comment éviter la publicité trompeuse : lignes directrices.
650 0|aDeceptive advertising|zCanada.
650 0|aDeceptive advertising|xLaw and legislation|zCanada.
7101 |aCanada. |bConsumer and Corporate Affairs Canada, |eissuing body.
77508|tComment éviter la publicité trompeuse : |w(CaOODSP)9.900384
85640|qPDF|s7.62 MB|uhttps://publications.gc.ca/collections/collection_2021/isde-ised/RG52-18-1983-eng.pdf